000
00320nam a22001457a 4500
020
_a
0-340-89426-1
082
_a
823
_b
MCK/F
100
_a
MCKAY, HILARY
245
_a
THE FLYING FEELING
260
_a
2005
_b
HODDER CHILDRENS BOOKS
_c
2005
300
_a
50
520
_a
SHORT STORY
650
_a
SHORT STORY
942
_c
BK
999
_c
6208
_d
6208